[Event "Budapest FS11 IM"]
[Site "Budapest"]
[Date "2003.11.07"]
[Round "7"]
[White "Boguszlavszkij, Jevgenyij"]
[Black "Babos, Csaba"]
[Result "1/2-1/2"]
[WhiteElo "2262"]
[BlackElo "2274"]
[PlyCount "107"]
[EventDate "2003.11.01"]
[EventType "tourn"]
[EventRounds "11"]
[EventCountry "HUN"]
[EventCategory "1"]
[SourceTitle "EXT 2004"]
[Source "ChessBase"]
[SourceDate "2003.11.25"]
[SourceVersion "1"]
[SourceVersionDate "2003.11.25"]
[SourceQuality "1"]

1. d4 d5 2. g3 e6 3. Bg2 f5 4. Bf4 Nf6 5. Nf3 Be7 6. 0-0 0-0 7. Nbd2 Ne4 8. Nxe4 fxe4 9. Ne5 c5 10. c3 Nc6 11. f3 exf3 12. exf3 Qb6 13. Rf2 cxd4 14. Nxc6 bxc6 15. cxd4 Bf6 16. Be3 e5 17. dxe5 Qxe3 18. exf6 Rxf6 19. Qe1 Qb6 20. Rc1 Re6 21. Qc3 Ba6 22. Bh3 Re2 23. Qc5 Re1+ 24. Kg2 Rxc1 25. Qxc1 c5 26. Qg5 Qd6 27. Bf5 Rf8 28. Bb1 c4 29. Qh4 g6 30. Qd4 Rf7 31. Rd2 Re7 32. Kf2 Qb6 33. Qxb6 axb6 34. f4 Bb7 35. Bc2 b5 36. a3 Kf7 37. Bd1 Ke8 38. Bf3 Kd8 39. Rd1 Rd7 40. Bg4 Re7 41. h4 Kc7 42. h5 Kd6 43. hxg6 hxg6 44. Bf3 Kc5 45. Re1 Rxe1 46. Kxe1 Bc8 47. Kd2 d4 48. g4 b4 49. axb4+ Kxb4 50. Bd1 Be6 51. Bc2 Bxg4 52. Bxg6 Bh3 53. Bf7 Bf5 54. Kc1 1/2-1/2

[Event "Budapest FS10 IM"]
[Site "Budapest"]
[Date "2003.10.05"]
[Round "2"]
[White "Babos, Csaba"]
[Black "Mensch, Etienne"]
[Result "1/2-1/2"]
[WhiteElo "2274"]
[BlackElo "2327"]
[PlyCount "141"]
[EventDate "2003.10.04"]
[EventType "tourn"]
[EventRounds "9"]
[EventCountry "HUN"]
[EventCategory "2"]
[SourceTitle "CBM 096 Extra"]
[Source "ChessBase"]
[SourceDate "2003.10.22"]
[SourceVersion "2"]
[SourceVersionDate "2003.10.20"]
[SourceQuality "1"]

1. d4 Nf6 2. c4 c5 3. d5 b5 4. cxb5 a6 5. bxa6 g6 6. g3 d6 7. Bg2 Bg7 8. Nh3 Nbd7 9. Nf4 Ne5 10. Bd2 0-0 11. Bc3 Rxa6 12. 0-0 Nfd7 13. Qc2 Bb7 14. a4 Qa8 15. b3 Nb6 16. e4 c4 17. a5 cxb3 18. Qxb3 Nbd7 19. Na3 Nc5 20. Qc2 Qd8 21. Nb5 Ra8 22. Rfb1 Ba6 23. Nd4 Qc7 24. Rc1 Rab8 25. Bf1 Ra8 26. Bxa6 Rxa6 27. Kg2 Bh6 28. Nb5 Qd7 29. Bxe5 Qxb5 30. Rcb1 Qd7 31. Ne2 Nxe4 32. Bd4 Qf5 33. Qc4 Raa8 34. Rb5 Ng5 35. Ng1 Rac8 36. Qe2 Rc2 37. g4 Qf4 38. Qxc2 Qxg4+ 39. Kf1 Qxd4 40. Rab1 Ne4 41. Nf3 Nd2+ 42. Nxd2 Bxd2 43. Rd1 Qg4 44. Qxd2 Qh3+ 45. Ke1 Qxh2 46. Qe3 Rc8 47. Kd2 Qh4 48. Rc1 Re8 49. Rcb1 Rc8 50. Qd3 Qf4+ 51. Ke2 Qg4+ 52. Kd2 Qa4 53. R1b2 Qf4+ 54. Ke2 Qg4+ 55. Kd2 Rc4 56. Rb8+ Kg7 57. R8b4 Qf4+ 58. Ke2 Qe5+ 59. Kd2 Qf4+ 60. Ke2 Qe5+ 61. Kd2 Qg5+ 62. Ke2 Qe5+ 63. Kd2 Qg5+ 64. Ke2 Qh5+ 65. Qf3 Qe5+ 66. Kd2 Qd4+ 67. Qd3 Qxf2+ 68. Qe2 Qd4+ 69. Qd3 Qf2+ 70. Qe2 Qd4+ 71. Qd3 1/2-1/2

[Event "Budapest FS02 IM-A"]
[Site "Budapest"]
[Date "2003.02.05"]
[Round "5"]
[White "Babos, Csaba"]
[Black "Kovacs, Gabor H"]
[Result "1-0"]
[WhiteElo "2278"]
[BlackElo "2382"]
[PlyCount "111"]
[EventDate "2003.02.01"]
[EventType "tourn"]
[EventRounds "11"]
[EventCountry "HUN"]
[EventCategory "1"]
[SourceTitle "CBM 092 Extra"]
[Source "ChessBase"]
[SourceDate "2003.03.07"]
[SourceVersion "1"]
[SourceVersionDate "2003.03.07"]
[SourceQuality "1"]

1. d4 Nf6 2. c4 e6 3. Nc3 Bb4 4. f3 d5 5. a3 Bxc3+ 6. bxc3 c5 7. cxd5 Nxd5 8. Qd3 b6 9. e4 Ba6 10. Qc2 Bxf1 11. Kxf1 Ne7 12. Be3 cxd4 13. cxd4 0-0 14. Ne2 Nbc6 15. g3 Rc8 16. Qa2 Na5 17. Rc1 Qd7 18. Kg2 Qa4 19. Rc3 Nc4 20. Bf4 b5 21. Rb1 Rfd8 22. Qb3 Qxb3 23. Rbxb3 a6 24. a4 Na5 25. Rb1 Nac6 26. axb5 axb5 27. Be3 Rb8 28. Rc5 b4 29. Rc4 Rb7 30. Nc1 Ra8 31. Kf2 h6 32. Rb2 Rd7 33. Nb3 Ra3 34. Ke2 Rd8 35. Rc5 f6 36. h4 Kf7 37. h5 Ke8 38. g4 Nb8 39. Rc7 Na6 40. Rb7 Rd7 41. Rb6 Kf7 42. Rxa6 Rxa6 43. Nc5 Rda7 44. Nxa6 Rxa6 45. Rxb4 Ra2+ 46. Bd2 Ra7 47. Rb6 f5 48. gxf5 exf5 49. Bb4 fxe4 50. fxe4 Rc7 51. Kd3 Nc8 52. Ra6 Rc1 53. Bc3 Ke8 54. Rg6 Rh1 55. Rxg7 Rxh5 56. e5 1-0

[Event "Budapest FS02 IM-A"]
[Site "Budapest"]
[Date "2003.02.04"]
[Round "4"]
[White "Berczes, David"]
[Black "Babos, Csaba"]
[Result "1-0"]
[WhiteElo "2261"]
[BlackElo "2278"]
[PlyCount "95"]
[EventDate "2003.02.01"]
[EventType "tourn"]
[EventRounds "11"]
[EventCountry "HUN"]
[EventCategory "1"]
[SourceTitle "CBM 092 Extra"]
[Source "ChessBase"]
[SourceDate "2003.03.07"]
[SourceVersion "1"]
[SourceVersionDate "2003.03.07"]
[SourceQuality "1"]

1. d4 Nf6 2. c4 c5 3. d5 e5 4. Nc3 d6 5. e4 Be7 6. Be2 Nbd7 7. Nf3 a6 8. 0-0 0-0 9. g3 Ne8 10. Ne1 g6 11. Bh6 Ng7 12. f4 exf4 13. gxf4 Bf6 14. Qd2 Re8 15. Nf3 Nh5 16. Rae1 Bg7 17. Bxg7 Nxg7 18. Bd3 b5 19. cxb5 Nb6 20. b3 axb5 21. Bxb5 Bd7 22. Bxd7 Qxd7 23. e5 c4 24. Ne4 Nh5 25. Nxd6 Red8 26. Ng5 cxb3 27. axb3 Qg4+ 28. Kh1 Rxd6 29. exd6 h6 30. Ne4 Qf5 31. Nc5 Rd8 32. Qg2 Rxd6 33. Re5 Qc8 34. Ne4 Rxd5 35. Rxh5 Rxh5 36. Nf6+ Kf8 37. Nxh5 gxh5 38. f5 Qc3 39. Qf3 Qf6 40. Qb7 Kg7 41. Rg1+ Kf8 42. Qb8+ Ke7 43. Re1+ Kd7 44. Rd1+ Kc6 45. Qe8+ Kb7 46. Qe4+ Kb8 47. Re1 Qc3 48. Qe5+ 1-0

[Event "Budapest FS02 IM-A"]
[Site "Budapest"]
[Date "2003.02.03"]
[Round "3"]
[White "Babos, Csaba"]
[Black "Boros, Denes"]
[Result "1-0"]
[WhiteElo "2278"]
[BlackElo "2289"]
[PlyCount "53"]
[EventDate "2003.02.01"]
[EventType "tourn"]
[EventRounds "11"]
[EventCountry "HUN"]
[EventCategory "1"]
[SourceTitle "CBM 092 Extra"]
[Source "ChessBase"]
[SourceDate "2003.03.07"]
[SourceVersion "1"]
[SourceVersionDate "2003.03.07"]
[SourceQuality "1"]

1. d4 Nf6 2. c4 g6 3. Nc3 d5 4. Nf3 Bg7 5. Bg5 dxc4 6. e4 c5 7. dxc5 Qa5 8. Bxf6 Bxf6 9. e5 Bg7 10. Bxc4 Nc6 11. 0-0 0-0 12. e6 fxe6 13. Ne4 Kh8 14. Nfg5 Nd4 15. Qg4 Rf5 16. Rad1 Qa4 17. b3 Qe8 18. Ng3 Rxc5 19. Qh4 h5 20. Rxd4 Rxg5 21. Qxg5 Bxd4 22. Bd3 Kg7 23. Nxh5+ Kh7 24. Nf4 Bf6 25. Bxg6+ Kg7 26. Nh5+ Kg8 27. Qh6 1-0

[Event "Budapest FS02 IM-A"]
[Site "Budapest"]
[Date "2003.02.02"]
[Round "2"]
[White "Hardicsay, Peter"]
[Black "Babos, Csaba"]
[Result "1-0"]
[WhiteElo "2309"]
[BlackElo "2278"]
[PlyCount "75"]
[EventDate "2003.02.01"]
[EventType "tourn"]
[EventRounds "11"]
[EventCountry "HUN"]
[EventCategory "1"]
[SourceTitle "CBM 092 Extra"]
[Source "ChessBase"]
[SourceDate "2003.03.07"]
[SourceVersion "1"]
[SourceVersionDate "2003.03.07"]
[SourceQuality "1"]

1. e4 c5 2. Nf3 Nc6 3. d4 cxd4 4. Nxd4 g6 5. c4 Bg7 6. Be3 Nf6 7. Nc3 0-0 8. Be2 d6 9. 0-0 Re8 10. Rc1 a6 11. f3 Nxd4 12. Bxd4 Bh6 13. Rc2 Be6 14. f4 Bg7 15. f5 Bd7 16. Kh1 Bc6 17. Bd3 Nd7 18. Bg1 Be5 19. b4 b6 20. Qf3 Rf8 21. Qh3 Rc8 22. Nd5 Bxd5 23. exd5 a5 24. a3 axb4 25. axb4 Ra8 26. Rcf2 Bf6 27. fxg6 hxg6 28. Be2 Kg7 29. Qe3 Ra4 30. b5 Qa8 31. h3 Ra3 32. Qe4 Nc5 33. Qg4 Rh8 34. Rxf6 exf6 35. Bd4 Rh5 36. Rxf6 Re5 37. Rxd6 Qe8 38. Qf4 1-0

[Event "Budapest FS10 IM-A"]
[Site "Budapest"]
[Date "2002.10.11"]
[Round "7"]
[White "Babos, Csaba"]
[Black "Papp, Gellert"]
[Result "0-1"]
[WhiteElo "2207"]
[BlackElo "2275"]
[PlyCount "84"]
[EventDate "2002.10.05"]
[EventType "tourn"]
[EventRounds "9"]
[EventCountry "HUN"]
[EventCategory "2"]
[SourceTitle "CBM 090 Extra"]
[Source "ChessBase"]
[SourceDate "2002.11.07"]
[SourceVersion "1"]
[SourceVersionDate "2002.11.07"]
[SourceQuality "1"]

1. d4 d5 2. c4 c6 3. Nc3 a6 4. e3 Nf6 5. b3 Bf5 6. Bd3 Bxd3 7. Qxd3 e6 8. Nf3 Nbd7 9. 0-0 b5 10. e4 b4 11. e5 bxc3 12. exf6 Nxf6 13. Qxc3 Ne4 14. Qc2 Bd6 15. cxd5 cxd5 16. Qc6+ Ke7 17. Ne5 Qc8 18. Qb6 f6 19. Nd3 a5 20. Bf4 Qb8 21. Bxd6+ Nxd6 22. Qxb8 Raxb8 23. Rfe1 Kf7 24. Rac1 Rbc8 25. Rc5 Rxc5 26. dxc5 Nb5 27. Rc1 d4 28. Rc4 e5 29. f3 Nc3 30. c6 Rc8 31. Rc5 Ke6 32. Rxa5 Rxc6 33. b4 Rc4 34. Ra7 g5 35. a4 Nd5 36. Rb7 Ne3 37. Rb6+ Ke7 38. a5 Rc2 39. Ne1 Re2 40. b5 Rxe1+ 41. Kf2 Ra1 42. a6 Ra2+ 0-1

[Event "Budapest FS09 FM"]
[Site "Budapest"]
[Date "2002.??.??"]
[Round "2"]
[White "Babos, Csaba"]
[Black "Hoang, Tri"]
[Result "1-0"]
[WhiteElo "2200"]
[BlackElo "2095"]
[PlyCount "79"]
[EventDate "2002.09.07"]
[EventType "tourn"]
[EventRounds "13"]
[EventCountry "HUN"]
[SourceTitle "CBM 090 Extra"]
[Source "ChessBase"]
[SourceDate "2002.11.07"]
[SourceVersion "1"]
[SourceVersionDate "2002.11.07"]
[SourceQuality "1"]

1. d4 d5 2. c4 c6 3. Nf3 Nf6 4. e3 Bf5 5. Nc3 e6 6. Qb3 Qc8 7. Bd2 Nbd7 8. Be2 Be7 9. Rc1 0-0 10. 0-0 h6 11. Ne5 Ne4 12. Be1 Nxc3 13. Bxc3 Qc7 14. Nf3 Nf6 15. Nd2 Ng4 16. g3 Nf6 17. Bf3 Bd3 18. Rfe1 Rab8 19. Bg2 Ne4 20. Nxe4 Bxc4 21. Qc2 dxe4 22. Bxe4 Bd5 23. Bd3 Bf3 24. e4 Bg5 25. Bd2 Bf6 26. Re3 Bh5 27. e5 Bg5 28. f4 Be7 29. g4 Bxg4 30. Rg3 Bh5 31. f5 Kh8 32. f6 gxf6 33. Bxh6 Rg8 34. Kf1 Rxg3 35. hxg3 f5 36. Qh2 Bg6 37. Kf2 Qb6 38. Rh1 Kg8 39. Be3 Qxb2+ 40. Be2 1-0

[Event "Budapest FS09 FM"]
[Site "Budapest"]
[Date "2002.??.??"]
[Round "7"]
[White "Tessedik, Karoly"]
[Black "Babos, Csaba"]
[Result "0-1"]
[WhiteElo "2030"]
[BlackElo "2200"]
[PlyCount "77"]
[EventDate "2002.09.07"]
[EventType "tourn"]
[EventRounds "13"]
[EventCountry "HUN"]
[SourceTitle "CBM 090 Extra"]
[Source "ChessBase"]
[SourceDate "2002.11.07"]
[SourceVersion "1"]
[SourceVersionDate "2002.11.07"]
[SourceQuality "1"]

1. e4 c5 2. Nf3 Nc6 3. d4 cxd4 4. Nxd4 g6 5. c3 Bg7 6. Be3 Nf6 7. f3 0-0 8. Be2 d5 9. Nxc6 bxc6 10. e5 Ne8 11. f4 f6 12. exf6 Nxf6 13. 0-0 a5 14. Nd2 a4 15. Bc5 Nd7 16. Bd4 Bxd4+ 17. cxd4 Qb6 18. Nf3 Rxf4 19. Qd2 e5 20. Kh1 Ba6 21. dxe5 Bxe2 22. Qxf4 Bxf1 23. Rxf1 Rf8 24. Qg4 Rf5 25. Re1 Qf2 26. Qg3 Qxg3 27. hxg3 c5 28. g4 Rf8 29. g5 Nb6 30. e6 Re8 31. Nh2 Kf8 32. Ng4 Ke7 33. Nf6 Rd8 34. Kg1 d4 35. b3 d3 36. Ne4 c4 37. bxc4 d2 38. Rd1 Nxc4 39. Kf1 0-1

[Event "Nyiregyhaza op"]
[Site "Nyiregyhaza"]
[Date "2001.07.12"]
[Round "6"]
[White "Volosin, Vladimir"]
[Black "Babos, Csaba"]
[Result "1-0"]
[WhiteElo "2332"]
[BlackElo "2202"]
[PlyCount "66"]
[EventDate "2001.07.07"]
[EventType "swiss"]
[EventRounds "9"]
[EventCountry "HUN"]
[SourceTitle "EXT 2008"]
[Source "ChessBase"]
[SourceDate "2007.11.25"]
[SourceVersion "1"]
[SourceVersionDate "2007.11.25"]
[SourceQuality "1"]

1. c4 Nf6 2. Nc3 c6 3. e4 d6 4. g3 e5 5. Bg2 Bg4 6. Nge2 Nbd7 7. h3 Bh5 8. 0-0 Be7 9. d3 0-0 10. Be3 a5 11. Qd2 Re8 12. f4 Bxe2 13. Nxe2 Bf8 14. Nc3 Nc5 15. f5 a4 16. g4 Qa5 17. g5 Nfd7 18. Rad1 a3 19. b3 Na6 20. h4 Rad8 21. h5 d5 22. exd5 Bb4 23. Rc1 e4 24. dxe4 cxd5 25. cxd5 Nac5 26. Qd4 Ne5 27. Nd1 Ncd3 28. Rc2 Ne1 29. Re2 Rc8 30. Qb6 N5d3 31. Qxa5 Bxa5 32. Nf2 Nxg2 33. Kxg2 f6 1-0

[Event "Nyiregyhaza op"]
[Site "Nyiregyhaza"]
[Date "2001.07.09"]
[Round "3"]
[White "Babos, Csaba"]
[Black "Hegedus, Gyorgy"]
[Result "1/2-1/2"]
[WhiteElo "2202"]
[BlackElo "2101"]
[PlyCount "114"]
[EventDate "2001.07.07"]
[EventType "swiss"]
[EventRounds "9"]
[EventCountry "HUN"]
[SourceTitle "EXT 2008"]
[Source "ChessBase"]
[SourceDate "2007.11.25"]
[SourceVersion "1"]
[SourceVersionDate "2007.11.25"]
[SourceQuality "1"]

1. d4 d5 2. c4 c6 3. Nf3 Nf6 4. Qc2 Bg4 5. e3 Bxf3 6. gxf3 e6 7. Nc3 g6 8. h4 Be7 9. Qb3 Qb6 10. c5 Qxb3 11. axb3 Nbd7 12. b4 0-0 13. b5 Kg7 14. bxc6 bxc6 15. Ra6 Rfc8 16. b4 Ne8 17. Bd2 Nc7 18. Ra4 e5 19. b5 exd4 20. exd4 Bf6 21. Bh3 cxb5 22. Nxb5 Nxb5 23. Bxd7 Nxd4 24. Bxc8 Rxc8 25. h5 Nxf3+ 26. Ke2 Nxd2 27. h6+ Kf8 28. Kxd2 Rxc5 29. Rxa7 Bg5+ 30. Kd3 Rc8 31. Rh3 Bf6 32. Ke2 Bd4 33. Rb7 Rc2+ 34. Ke1 Rb2 35. Rc7 Bxf2+ 36. Kf1 Bb6 37. Rd7 Ke8 38. Rxd5 Ke7 39. Rhd3 Ke6 40. Rd7 Bc5 41. Rc7 Rf2+ 42. Ke1 Rf5 43. Rc8 Rh5 44. Re8+ Kf6 45. Rf3+ Kg5 46. Rxf7 Kxh6 47. Rh8 Re5+ 48. Kd1 Kg5 49. Rhxh7 Kg4 50. Rh2 Kg3 51. Rb2 g5 52. Rb5 g4 53. Rc7 Bd6 54. Rc3+ Kf4 55. Rc4+ Re4 56. Rxe4+ Kxe4 57. Rg5 Kf3 1/2-1/2

[Event "Nyiregyhaza op"]
[Site "Nyiregyhaza"]
[Date "2001.07.07"]
[Round "1"]
[White "Babos, Csaba"]
[Black "Gunyecz, Zoltan"]
[Result "1-0"]
[WhiteElo "2202"]
[BlackElo "2025"]
[PlyCount "67"]
[EventDate "2001.07.07"]
[EventType "swiss"]
[EventRounds "9"]
[EventCountry "HUN"]
[SourceTitle "EXT 2008"]
[Source "ChessBase"]
[SourceDate "2007.11.25"]
[SourceVersion "1"]
[SourceVersionDate "2007.11.25"]
[SourceQuality "1"]

1. d4 Nf6 2. c4 g6 3. Nc3 d5 4. Bg5 Ne4 5. cxd5 Nxg5 6. h4 Ne4 7. Nxe4 Qxd5 8. Nc3 Qa5 9. Nf3 Bg7 10. e3 c5 11. Bc4 Nc6 12. Qb3 e6 13. d5 exd5 14. Bxd5 Nd8 15. Ng5 Bxc3+ 16. bxc3 f6 17. Ne4 Ke7 18. h5 g5 19. 0-0 Bd7 20. Rad1 Rc8 21. c4 b5 22. Qb2 Rf8 23. Nxg5 bxc4 24. Nxh7 c3 25. Qc2 Rf7 26. Bxf7 Nxf7 27. Qg6 Rc6 28. Rxd7+ Kxd7 29. Qxf7+ Kc8 30. Nxf6 Rd6 31. Qf8+ Rd8 32. Ne8 c4 33. Nd6+ Kc7 34. Qxd8+ 1-0

[Event "ROM-chT2"]
[Site "Baile Tusnad"]
[Date "2000.??.??"]
[Round "?"]
[White "Marasescu, Ioan"]
[Black "Babos, Csaba"]
[Result "1/2-1/2"]
[WhiteElo "2297"]
[BlackElo "2220"]
[PlyCount "89"]
[EventDate "2000.??.??"]
[EventType "team"]
[EventRounds "9"]
[EventCountry "ROU"]
[SourceTitle "EXT 2001"]
[Source "ChessBase"]
[SourceDate "2000.11.22"]
[SourceVersion "1"]
[SourceVersionDate "2000.11.22"]
[SourceQuality "1"]

1. Nf3 Nf6 2. c4 e6 3. d4 Bb4+ 4. Nbd2 d5 5. e3 0-0 6. Bd3 Nbd7 7. 0-0 c6 8. Qc2 Re8 9. e4 Bxd2 10. Bxd2 dxe4 11. Bxe4 Nxe4 12. Qxe4 Nf6 13. Qh4 b6 14. Bc3 b5 15. b3 bxc4 16. bxc4 Ba6 17. Ne5 Nd7 18. Qxd8 Raxd8 19. Ba5 Nb6 20. c5 Bxf1 21. Kxf1 Rxd4 22. cxb6 axb6 23. Bxb6 Ra4 24. a3 Rb8 25. Bc5 Rd8 26. Nxc6 Rd3 27. Rb1 h5 28. Rb8+ Kh7 29. Bb4 h4 30. h3 f6 31. Ke2 Rb3 32. Rd8 Ra6 33. Nd4 Rb2+ 34. Ke3 g5 35. Re8 e5 36. Ne2 Kg6 37. Nc3 f5 38. Rg8+ Kh5 39. Nd5 Rb3+ 40. Nc3 Raxa3 41. Bxa3 Rxc3+ 42. Ke2 Rxa3 43. Rh8+ Kg6 44. Rg8+ Kh6 45. Rf8 1/2-1/2